The fifty-nine icosahedra. (3rd edition) (Record no. 43260)

MARC details
000 -LEADER
fixed length control field 00725nam a2200205 a 4500
008 - FIXED-LENGTH DATA ELEMENTS--GENERAL INFORMATION
fixed length control field 170119s1999 ||||||||||||||||| || u
020 ## - INTERNATIONAL STANDARD BOOK NUMBER
International Standard Book Number 9781899618323
050 ## - LIBRARY OF CONGRESS CALL NUMBER
Classification number QA 491 Cox
100 ## - MAIN ENTRY--PERSONAL NAME
Personal name Coxeter, H.S.M
245 14 - TITLE STATEMENT
Title The fifty-nine icosahedra. (3rd edition)
Statement of responsibility, etc. By H.S.M. Coxeter; P. Du Val; H.T Flather and J.F. Petrie
250 ## - EDITION STATEMENT
Edition statement 3rd ed.
260 ## - PUBLICATION, DISTRIBUTION, ETC.
Place of publication, distribution, etc. Norfolk
Name of publisher, distributor, etc. Tarquin Publications
Date of publication, distribution, etc. 1999
300 ## - PHYSICAL DESCRIPTION
Extent 75p.: ill.
650 ## - SUBJECT ADDED ENTRY--TOPICAL TERM
Topical term or geographic name entry element ICOSAHEDRA
650 ## - SUBJECT ADDED ENTRY--TOPICAL TERM
Topical term or geographic name entry element SOLID GEOMETRY
700 ## - ADDED ENTRY--PERSONAL NAME
Personal name Du Val, Patrick
700 ## - ADDED ENTRY--PERSONAL NAME
Personal name Flather, H.T.
700 ## - ADDED ENTRY--PERSONAL NAME
Personal name Petrie, J. F
995 ## - RECOMMENDATION 995 [LOCAL, UNIMARC FRANCE]
-- CBU-MAIN LIBRARY (Kitwe)
-- 1
-- AVAILABLE
-- Feb 24, 2017
-- Main Library Open Access Collection
Holdings
Withdrawn status Lost status Source of classification or shelving scheme Damaged status Not for loan Home library Current library Shelving location Date acquired Total Checkouts Full call number Barcode Date last seen Price effective from Koha item type
          CBU-MAIN LIBRARY, KITWE. CBU-MAIN LIBRARY, KITWE.   11/30/2022   QA 491 Cox 747627 11/30/2022 11/30/2022 MONOGRAPH